| 000 | 00685nab a2200241 a 4500 | ||
|---|---|---|---|
| 001 | 24015 | ||
| 003 | 78946 | ||
| 005 | 20201118100402.0 | ||
| 008 | ||||||n9999 ||| || || | ||
| 041 | _aspa | ||
| 100 | _aDuran Herrera, Juan Jose | ||
| 245 | 0 |
_aFinanciacion de la internacionalizacion de la empresa espanola : _bpp.43-52 |
|
| 260 |
_aEspaña : _bAlta Direccion, _c1993. |
||
| 300 | _app. 67-72, 75-78 | ||
| 562 | _e0 | ||
| 650 | _aEMPRESAS PRIVADAS | ||
| 650 | _aFOMENTO DE LAS INVERSIONES | ||
| 650 | _aINTERNACIONALIZACIÓN | ||
| 650 | _aINVERSIONES | ||
| 650 | _aNECESIDADES FINANCIERAS | ||
| 773 |
_024009 _aAlta Dirección - Vol.28 No.167 |
||
| 942 | _cSART | ||
| 999 |
_c24015 _d24015 |
||